00290nam a2200109Ia 4500008004100000082001200041100001600053245001800069260003800087300000900125650004600134191201s2018 xx 000 0 und d a572 DAB aDas, Kuntal 0aBiochemistary bNirali PrakashanaNew Delhic2018 a5.38 aApplied Biochemistry & Clinical Chemistry